000 00455nam a2200169Ia 4500
003 GCL
008 140319s9999 xx 000 0 eng d
040 _aGCL /
_cGCL
082 0 4 _a155.45
_bR C
100 1 _aRADFOVD,JOHN
245 1 0 _aCHILD PRODIGIES AND EXCEPTIONAL EARLY ACHIVERS /
_cRADFOVD,JOHN
260 _a[S.N] :
_bHARVESTER WHEATSHEAF ،
_c1990
300 _a255 P
650 0 4 _aCHILDREN
650 0 4 _aEXCEPTIONAL CHILDREN
942 _2ddc
_cBK
999 _c16679
_d16679